Normal view
MARC view
Entry Topical Term
001 - CONTROL NUMBER
- control field: 36291
003 - CONTROL NUMBER IDENTIFIER
- control field: OSt
005 - DATE AND TIME OF LATEST TRANSACTION
- control field: 20230302121259.0
008 - FIXED-LENGTH DATA ELEMENTS
- fixed length control field: 230302|| aca||aabn | a|a d
040 ## - CATALOGING SOURCE
- Original cataloging agency: OSt
- Transcribing agency: OSt
150 ## - HEADING--TOPICAL TERM
- Topical term or geographic name entry element: City network, International migration, Migration governance, Migration policies, Integration.
670 ## - SOURCE DATA FOUND
- Source citation: Work cat.: (OSt): Lacroix, Thomas 36290, Lacroix, Thomas
